Cambio climático, protocolo de Kioto y bonos del carbono /
La población mundial sufre cada día más los efectos adversos del cambio climático y el consecuente calentamiento del planeta por los gases que provocan el efecto de invernadero. En este trabajo se examinan los intentos más importantes de solución a este grave problema, desde el Protocolo de Kioto ha...
Збережено в:
| Автор: | |
|---|---|
| Формат: | Текст |
| Предмети: | |
| Теги: |
Додати тег
Немає тегів, Будьте першим, хто поставить тег для цього запису!
|
MARC
| LEADER | 00000 a a2200000 04500 | ||
|---|---|---|---|
| 001 | 3636 | ||
| 003 | |||
| 040 | |||
| 100 | |a Cruz Zamorano, Alma Rosa | ||
| 245 | |a Cambio climático, protocolo de Kioto y bonos del carbono / |c Alma Rosa Cruz Zamorano | ||
| 520 | |a La población mundial sufre cada día más los efectos adversos del cambio climático y el consecuente calentamiento del planeta por los gases que provocan el efecto de invernadero. En este trabajo se examinan los intentos más importantes de solución a este grave problema, desde el Protocolo de Kioto hasta los bonos del carbono, así como su relación con otros temas globales como la agricultura y las emigraciones | ||
| 650 | |a CAMBIOS CLIMATICOS | ||
| 650 | |a DIOXIDO DE CARBONO | ||
| 650 | |a EFECTO INVERNADERO | ||
| 650 | |a AGRICULTURA | ||
| 650 | |a ENERGIA | ||
| 650 | |a MEXICO | ||
| 773 | |g volumen 57, número 5; páginas 416-424 | ||
| 999 | |c 36475 |d 36475 | ||
